000
00276nam a22001217a 4500
082
_a
621.902 MCC'M
100
_a
MCCARTHY, W. J,REPP, V. E. DR
_9
75307
245
_a
MACHINE TOOL TECHNOLOGY
250
_a
4TH
260
_a
USA
_b
MCKNIGHT
_c
1978
300
_a
624P
942
_c
BK
999
_c
580749
_d
580749